[Event "Senta op 25th"]
[Site "Senta"]
[Date "2021.07.18"]
[Round "2"]
[White "Nikulina, Alena"]
[Black "Vlajkovic, Goran"]
[Result "1-0"]
[WhiteElo "1887"]
[BlackElo "2139"]
[PlyCount "73"]
[EventDate "2021.07.17"]
[EventType "swiss"]
[EventRounds "9"]
[EventCountry "SRB"]
[SourceTitle "EXT 2022"]
[Source "ChessBase"]
[SourceDate "2021.10.06"]
[SourceVersion "1"]
[SourceVersionDate "2021.10.06"]
[SourceQuality "1"]

1. e4 e5 2. Nf3 Nf6 3. Nxe5 d6 4. Nf3 Nxe4 5. d4 d5 6. Bd3 Be7 7. 0-0 Nc6 8. Re1 Bg4 9. c3 f5 10. Nbd2 0-0 11. Qb3 Kh8 12. Qxb7 Qd6 13. Bb5 Na5 14. Qa6 c6 15. Bf1 Qc7 16. Ne5 Bd6 17. f3 Bxe5 18. dxe5 Nxd2 19. Bxd2 Bh5 20. b4 Nb7 21. Qd3 Rae8 22. f4 Nd8 23. a4 Ne6 24. Be3 Rd8 25. b5 c5 26. a5 g5 27. fxg5 f4 28. Bf2 f3 29. b6 Qe7 30. g3 Nxg5 31. e6 Bg6 32. Qe3 Ne4 33. Bh3 Ng5 34. Qe5+ Kg8 35. Bf1 Be4 36. b7 Rf5 37. b8Q 1-0

[Event "Senta op 23rd"]
[Site "Senta"]
[Date "2019.07.26"]
[Round "9"]
[White "Vlajkovic, Goran"]
[Black "Nagy, Attila N"]
[Result "1-0"]
[WhiteElo "2183"]
[BlackElo "2262"]
[PlyCount "93"]
[EventDate "2019.07.19"]
[EventType "swiss"]
[EventRounds "9"]
[EventCountry "SRB"]
[SourceTitle "EXT 2020"]
[Source "ChessBase"]
[SourceDate "2019.10.17"]
[SourceVersion "1"]
[SourceVersionDate "2019.10.17"]
[SourceQuality "1"]

1. d4 Nf6 2. Bf4 g6 3. Nf3 Bg7 4. e3 0-0 5. Bd3 d6 6. 0-0 c5 7. c3 Nc6 8. Bc2 Qb6 9. Qc1 Bg4 10. Nbd2 Rac8 11. h3 Bxf3 12. Nxf3 cxd4 13. exd4 Nd5 14. Bd2 e5 15. Bb3 e4 16. Bxd5 exf3 17. Bxf3 Nxd4 18. Bd1 Qb5 19. Be3 Nf5 20. Bg4 Nxe3 21. Qxe3 f5 22. Bf3 Be5 23. Qd2 Kh8 24. a4 Qb6 25. Bd5 Rc5 26. Ra3 Qc7 27. c4 Qg7 28. b4 Rc7 29. a5 g5 30. b5 Re7 31. Rd3 Qh6 32. Qc1 b6 33. axb6 axb6 34. Kh1 Qh4 35. Qe3 g4 36. f4 gxf3 37. Qxf3 Bd4 38. g4 Be5 39. Qf2 Qh6 40. gxf5 Rg7 41. Rf3 Qf6 42. Qe3 Rg5 43. Qe4 Rh5 44. Rg1 Qh6 45. Qg4 Bg7 46. f6 Rxf6 47. Qc8+ 1-0

[Event "Senta op 23rd"]
[Site "Senta"]
[Date "2019.07.24"]
[Round "7"]
[White "Daroczi, Donat"]
[Black "Vlajkovic, Goran"]
[Result "0-1"]
[WhiteElo "2054"]
[BlackElo "2183"]
[PlyCount "118"]
[EventDate "2019.07.19"]
[EventType "swiss"]
[EventRounds "9"]
[EventCountry "SRB"]
[SourceTitle "EXT 2020"]
[Source "ChessBase"]
[SourceDate "2019.10.17"]
[SourceVersion "1"]
[SourceVersionDate "2019.10.17"]
[SourceQuality "1"]

1. e4 e5 2. Nf3 Nf6 3. Nc3 Bb4 4. Nxe5 0-0 5. Nd3 Bxc3 6. dxc3 Nxe4 7. Nf4 c6 8. c4 Qb6 9. Qf3 d5 10. Bd3 Nd7 11. cxd5 cxd5 12. 0-0 Ne5 13. Qe3 Qxe3 14. Bxe3 Nxd3 15. Nxd3 Be6 16. f3 Nf6 17. Rfd1 Bf5 18. Rd2 Rfe8 19. Kf2 h6 20. Rad1 b6 21. Bd4 Nd7 22. g4 Be6 23. Bc3 Nc5 24. Nf4 Na4 25. Nxd5 Bxd5 26. Rxd5 Nxc3 27. bxc3 Rac8 28. R1d3 Rc7 29. Rd7 Rxd7 30. Rxd7 Rc8 31. Rd3 Kf8 32. Ke3 Ke7 33. Kd2 Rc5 34. Rd4 Ra5 35. a4 Rc5 36. Kd3 Ke6 37. f4 g6 38. Re4+ Kf6 39. h4 h5 40. g5+ Kf5 41. Rd4 Kg4 42. f5+ Kxf5 43. c4 Ke6 44. Re4+ Re5 45. Rf4 Rf5 46. Re4+ Kd6 47. Kd4 f6 48. gxf6 Rxf6 49. a5 bxa5 50. c5+ Kc6 51. Kc4 a4 52. Kb4 a3 53. Kxa3 Kxc5 54. c4 Rf5 55. Ka4 Rf1 56. Kb3 Rf3+ 57. Kc2 Rg3 58. Kd2 Rg4 59. Rxg4 hxg4 0-1

[Event "Senta op 23rd"]
[Site "Senta"]
[Date "2019.07.20"]
[Round "2"]
[White "Zegarac, Vuk"]
[Black "Vlajkovic, Goran"]
[Result "1-0"]
[WhiteElo "2295"]
[BlackElo "2183"]
[PlyCount "59"]
[EventDate "2019.07.19"]
[EventType "swiss"]
[EventRounds "9"]
[EventCountry "SRB"]
[SourceTitle "EXT 2020"]
[Source "ChessBase"]
[SourceDate "2019.10.17"]
[SourceVersion "1"]
[SourceVersionDate "2019.10.17"]
[SourceQuality "1"]

1. d4 d5 2. Bf4 Nf6 3. e3 c6 4. c4 a6 5. Nc3 e6 6. Nf3 Nbd7 7. Rc1 Be7 8. h3 0-0 9. a3 dxc4 10. Bxc4 c5 11. 0-0 b5 12. Ba2 cxd4 13. exd4 Bb7 14. Re1 Nb6 15. Be5 Rc8 16. Nd2 b4 17. axb4 Bxb4 18. Bb1 Nbd5 19. Qb3 a5 20. Bd3 Qd7 21. Bb5 Bc6 22. Bf1 Qb7 23. Nc4 Rfd8 24. Red1 Nb6 25. Nxb6 Qxb6 26. Na4 Qa7 27. Nc5 Nd7 28. Nxe6 Re8 29. Nxg7 Rxe5 30. Qg3 1-0

[Event "Vojvodina-chT"]
[Site "Kac"]
[Date "2014.11.10"]
[Round "4.4"]
[White "Vlajkovic, Goran"]
[Black "Dimitrijevic, Nenad"]
[Result "1/2-1/2"]
[WhiteElo "2099"]
[BlackElo "2246"]
[PlyCount "68"]
[EventDate "2014.11.08"]
[EventType "team-tourn"]
[EventRounds "11"]
[EventCountry "SRB"]
[SourceTitle "EXT 2017"]
[Source "ChessBase"]
[SourceDate "2016.10.25"]
[SourceVersion "1"]
[SourceVersionDate "2016.10.25"]
[SourceQuality "1"]

1. d4 Nf6 2. c4 g6 3. Nc3 Bg7 4. e4 d6 5. f4 0-0 6. Nf3 c5 7. dxc5 Qa5 8. Bd3 Qxc5 9. Qe2 Nc6 10. Be3 Qa5 11. Rc1 Bg4 12. 0-0 Nd7 13. Qf2 Bxf3 14. gxf3 Nc5 15. Bb1 Na4 16. Nxa4 Qxa4 17. b3 Qa5 18. Rcd1 Qc7 19. Kh1 f5 20. Rg1 e6 21. Rd2 b6 22. Qh4 Bf6 23. Qh3 Bg7 24. Qh4 Rf7 25. Rgd1 Bf8 26. a3 Rc8 27. b4 a5 28. c5 dxc5 29. Ba2 Re8 30. bxc5 Bxc5 31. Bxc5 bxc5 32. exf5 gxf5 33. Rg2+ Kh8 34. Rdg1 Nd4 1/2-1/2

[Event "Senta op 18th"]
[Site "Senta"]
[Date "2014.07.25"]
[Round "8"]
[White "Vlajkovic, Goran"]
[Black "Milanovic, Maja"]
[Result "1/2-1/2"]
[WhiteElo "2130"]
[BlackElo "1943"]
[PlyCount "33"]
[EventDate "2014.07.19"]
[EventType "swiss"]
[EventRounds "9"]
[EventCountry "SRB"]
[SourceTitle "CBM 161 Extra"]
[Source "ChessBase"]
[SourceDate "2014.08.29"]
[SourceVersion "1"]
[SourceVersionDate "2014.08.29"]
[SourceQuality "1"]

1. d4 Nf6 2. c4 c5 3. d5 b5 4. cxb5 a6 5. e3 g6 6. Nc3 Bg7 7. a4 0-0 8. Nf3 d6 9. e4 Nbd7 10. Ra3 axb5 11. Bxb5 Ba6 12. Qe2 Bxb5 13. Nxb5 Qb6 14. 0-0 Rfb8 15. Nd2 Qa6 16. Nc4 Ne8 17. Bg5 1/2-1/2

[Event "Senta op 18th"]
[Site "Senta"]
[Date "2014.07.23"]
[Round "6"]
[White "Vlajkovic, Goran"]
[Black "Molnar, Gabor Roland"]
[Result "1/2-1/2"]
[WhiteElo "2130"]
[BlackElo "1956"]
[PlyCount "26"]
[EventDate "2014.07.19"]
[EventType "swiss"]
[EventRounds "9"]
[EventCountry "SRB"]
[SourceTitle "CBM 161 Extra"]
[Source "ChessBase"]
[SourceDate "2014.08.29"]
[SourceVersion "1"]
[SourceVersionDate "2014.08.29"]
[SourceQuality "1"]

1. d4 Nf6 2. c4 g6 3. Nc3 d5 4. cxd5 Nxd5 5. e4 Nxc3 6. bxc3 Bg7 7. Be3 c5 8. Qd2 Qa5 9. Rb1 a6 10. Nf3 Nc6 11. Rd1 Bg4 12. Bc4 0-0 13. Bd5 Rfd8 1/2-1/2

[Event "Vojvodina-chT 2nd League"]
[Site "Stari Banovci"]
[Date "2013.11.07"]
[Round "5"]
[White "Vlajkovic, Goran"]
[Black "Marjanusic, Vladimir"]
[Result "0-1"]
[WhiteElo "2173"]
[BlackElo "2272"]
[PlyCount "74"]
[EventDate "2013.11.03"]
[EventType "team-tourn"]
[EventRounds "11"]
[EventCountry "SRB"]
[SourceTitle "EXT 2015"]
[Source "ChessBase"]
[SourceDate "2014.11.20"]
[SourceVersion "1"]
[SourceVersionDate "2014.11.20"]
[SourceQuality "1"]

1. d4 d5 2. c4 c6 3. Nc3 Nf6 4. Nf3 e6 5. Bg5 dxc4 6. e4 b5 7. e5 h6 8. Bh4 g5 9. Nxg5 hxg5 10. Bxg5 Nbd7 11. exf6 Bb7 12. g3 Qb6 13. Bg2 0-0-0 14. 0-0 c5 15. d5 b4 16. Ne2 exd5 17. Nf4 d4 18. Nd5 Qe6 19. Ne7+ Bxe7 20. fxe7 Rde8 21. Bxb7+ Kxb7 22. Qf3+ Qc6 23. Qxc6+ Kxc6 24. Rfe1 Kd5 25. Re2 f6 26. Bh4 c3 27. Kf1 cxb2 28. Rb1 Rh7 29. Rbxb2 Rhxe7 30. g4 a5 31. Rxe7 Rxe7 32. f4 Re4 33. Bg3 c4 34. Re2 d3 35. Rxe4 Kxe4 36. g5 fxg5 37. fxg5 b3 0-1

[Event "Vojvodina-chT 2nd League"]
[Site "Stari Banovci"]
[Date "2013.11.05"]
[Round "2"]
[White "Jovic, Stevan"]
[Black "Vlajkovic, Goran"]
[Result "1-0"]
[WhiteElo "2244"]
[BlackElo "2173"]
[PlyCount "91"]
[EventDate "2013.11.03"]
[EventType "team-tourn"]
[EventRounds "11"]
[EventCountry "SRB"]
[SourceTitle "EXT 2015"]
[Source "ChessBase"]
[SourceDate "2014.11.20"]
[SourceVersion "1"]
[SourceVersionDate "2014.11.20"]
[SourceQuality "1"]

1. d4 d5 2. c4 c6 3. Nc3 Nf6 4. e3 a6 5. Nf3 b5 6. b3 Bg4 7. Qc2 Bxf3 8. gxf3 g6 9. Bd2 e6 10. c5 a5 11. Be2 Nh5 12. f4 Ng7 13. Bd3 Nf5 14. Ne2 Bg7 15. Ng3 0-0 16. a4 b4 17. 0-0-0 Nh4 18. Be2 Nd7 19. f3 Qf6 20. Kb1 Rfe8 21. Bc1 Bh6 22. Rhg1 Nf5 23. Nh1 Qh4 24. Bd3 Ng7 25. Nf2 f5 26. Rg2 Kh8 27. Rdg1 Rf8 28. Be2 Nh5 29. Nd3 Ra7 30. Ne5 Nxe5 31. fxe5 f4 32. e4 Ng7 33. exd5 exd5 34. Bd3 Ne6 35. Bb2 Rg7 36. Rg4 Qh3 37. Qf2 g5 38. Ka2 Rgf7 39. Bf1 Qh5 40. h4 Rg7 41. Bd3 Qf7 42. hxg5 Rxg5 43. Rh1 Rxg4 44. fxg4 Qg7 45. Bf5 Nd8 46. Rh5 1-0

[Event "Vojvodina-chT 2nd League"]
[Site "Stari Banovci"]
[Date "2013.11.04"]
[Round "1"]
[White "Vlajkovic, Goran"]
[Black "Jacimovic, Zoran"]
[Result "1/2-1/2"]
[WhiteElo "2173"]
[BlackElo "2169"]
[PlyCount "20"]
[EventDate "2013.11.03"]
[EventType "team-tourn"]
[EventRounds "11"]
[EventCountry "SRB"]
[SourceTitle "EXT 2015"]
[Source "ChessBase"]
[SourceDate "2014.11.20"]
[SourceVersion "1"]
[SourceVersionDate "2014.11.20"]
[SourceQuality "1"]

1. d4 d5 2. c4 c6 3. Nc3 Nf6 4. Nf3 a6 5. c5 Nbd7 6. Bf4 g6 7. h3 Bg7 8. e3 0-0 9. Be2 b6 10. cxb6 Qxb6 1/2-1/2